000 00562nam a2200181Ia 4500
008 100921s9999 xx 000 0 und d
082 _b43007
_a891.463 न 08
100 _aधर्मापुरीकर मधुकर.
245 _aरूप.
260 _bयश प्रकाशन, औरंगाबाद.
_c2008
300 _a140
_bजयेश एजन्सी,पुणे.
365 _b120
520 _aललित-कथा.
630 _aरूप.
650 _aललित-कथा.
730 _aरूप.
942 _cBOOK
999 _c792120
_d792117